| 000 | 01296nam0a22002651 4500 | ||
|---|---|---|---|
| 001 | rc\854918 | ||
| 005 | 20260407112319.0 | ||
| 035 | _a(NLR Aleph) 006035155 | ||
| 090 |
_a7569536 _c7569536 |
||
| 100 | _a20041129d1983 |||y0rusy50 ca | ||
| 101 | 0 | _arus | |
| 102 | _aRU | ||
| 105 | _ay ||||||||| | ||
| 200 | 1 |
_aПовышение качества, надежности и долговечности изделий из конструкционных, жаропрочных, порошковых и инструментальных сталей и сплавов _eМатериалы краткосроч. семинара 20-21 сент. 1983 г. _fПод ред. Г.Н. Теплухина |
|
| 210 |
_aЛ. _cЛДНТП _d1983 |
||
| 215 |
_a85 с. _d20 |
||
| 300 | _aВ надзаг.: О-во "Знание" РСФСР, Ленингр. орг., Ленингр. Дом науч.-техн. пропаганды | ||
| 320 | _aБиблиогр. в конце ст. | ||
| 702 | 1 |
_aТеплухин _bГ.Н. _gГелий Николаевич _4340 |
|
| 712 | 0 | 2 |
_aЛенинградский дом научно-технической пропаганды _3RU\NLR\AUTH\889940416 _9375657 |
| 801 | 0 |
_aRU _bNLR _gpsbo |
|
| 801 | 1 |
_aRU _bELAR _2rusmarc |
|
| 852 |
_aNLR _j84-4/3241 |
||
| 942 | _cBOOK | ||
| 980 | _aNB | ||